| 000 | 00546nam a2200181Ia 4500 | ||
|---|---|---|---|
| 999 |
_c36235 _d36235 |
||
| 003 | OSt | ||
| 005 | 20201207102617.0 | ||
| 008 | 190216s9999||||xx |||||||||||||| ||und|| | ||
| 020 | _a0706997557 | ||
| 040 | _coclc | ||
| 082 |
_a025.32 _bKUM/A |
||
| 100 |
_aKumar, Krishan _97227 |
||
| 245 | 3 |
_aAn Introduction To AACR2 : _b Anglo American Cataloguing Rules / _cKrishan Kumar |
|
| 250 | _a3rd Ed. | ||
| 260 |
_bVikas Publications, _c1986. _aNew Delhi: |
||
| 300 | _a220p | ||
| 942 |
_cREF _2ddc _h025.32 _iKUM/A _k025.32 _mKUM/A |
||